Представление документа в формате MARC21

Поле Инд. ПП Название Значение
Тип записи a
Библиографический уровень b
001 Контрольный номер RU/IS/BASE/294413097
005 Дата корректировки 20200630193258.4
008 Кодируемые данные 20090430
040 b Код языка каталог. rus
e Правила каталог. PSBO
041 0_ a Код языка текста rus
084 a Индекс другой классификации/Индекс ББК 83.3(2=411.2)5
100 1_ a Автор Зыкова Г. В.
245 10 a Заглавие Впечатления от чтения "Аси" Тургенева в "Грозе" Островского
504 a Библиография Библиогр. - Примеч.: с. 183
600 14 a Персоналии Островский Александр Николаевич
a Персоналии Тургенев Иван Сергеевич
650 14 a Основная рубрика история литературы
a Основная рубрика литературоведение
a Основная рубрика филологические науки
653 0_ a Ключевые слова "Ася"
a Ключевые слова "Гроза"
a Ключевые слова XIX век
a Ключевые слова повести
a Ключевые слова проза
a Ключевые слова пьесы
a Ключевые слова Россия
773 08 t Заглавие источника Вестник Московского университета. Серия 9, Филология
d Дата издания источника 2008
g Прочая информация № 6. - С. 182 - 183
w Контрольный № источника RU/IS/BASE/293109115
901 t Тип документа b